Statistics for 100 Most Popular Baby Girl Names Starting with J in the UK, 2021

Click here to take the quiz!

General Stats

  • This quiz has been taken 137 times
  • The average score is 38 of 100

Answer Stats

Name% Correct
Jean
98%
Julie
97%
Julia
94%
Jane
93%
Jessica
92%
Jhene
92%
Jessie
87%
Jessy
87%
Jennifer
85%
Joan
85%
Juliet
84%
Juliette
84%
Jasmin
82%
Jasmine
82%
Jazmine
82%
Josephine
82%
Jade
80%
Jia
80%
Josie
80%
Jennie
76%
Jenny
76%
Joana
74%
Joanna
74%
June
71%
Joanne
68%
Jordan
67%
Jenna
62%
Joy
62%
Jemima
60%
Jemimah
60%
Jodie
60%
Judith
57%
Jada
54%
Jamie
54%
Julianna
54%
Joyce
53%
Judy
53%
Jacqueline
52%
Janna
52%
Jana
51%
Jocelyn
47%
Jolene
46%
Juniper
44%
Jayla
39%
Jaylah
39%
Jolie
37%
Johanna
33%
Juliana
33%
Janelle
32%
Jasmina
32%
Jaya
31%
Jianna
31%
Joelle
28%
Jameela
26%
Journey
26%
Jude
25%
Juno
23%
Jaida
22%
Jayda
22%
Joni
22%
Jamila
21%
Jeanie
21%
Jesse
18%
Joanie
18%
Jewel
17%
Joella
17%
Jupiter
15%
Jazmin
14%
Jaime
13%
Joss
13%
Jorja
11%
Jazlyn
9%
Jena
9%
Jovie
9%
Jersey
8%
Jael
7%
Jaycee
5%
Jiya
5%
Jory
5%
Jagoda
3%
Janae
3%
Jannah
3%
Jannat
3%
Jasleen
3%
Jorgie
3%
Jaiya
2%
Janan
2%
Janaya
2%
Jenelle
2%
Jadesola
1%
Jannatul
1%
Janvi
1%
Japji
1%
Japnoor
1%
Jaskirat
1%
Javeria
1%
Jennah
1%
Jind
1%
Joud
1%
Juwayriya
1%

Score Distribution

Percentile by Number Answered

Percent of People with Each Score

Your Score History

You have not taken this quiz